Año Güell : el Palau Güell secreto el Palau Güell secreto
Descripción Física:
1 tríptic ; il. col. ; 15 x 21 cm
Otros Autores:
Manent, Ramon, 1948-
Materias:
Palau Güell (Barcelona)
Idioma:
Catalán
MARC
| LEADER | 00000nam a22000007a 4500 | ||
|---|---|---|---|
| 001 | 25067 | ||
| 008 | 211129b spa||||| |||| 00| 0 cat d | ||
| 080 | |a FU-67-108 | ||
| 245 | |a Año Güell : |b el Palau Güell secreto | ||
| 260 | |a Barcelona : |b Palau Güell : |b Diputació de Barcelona ; |c 2018 | ||
| 300 | |a 1 tríptic ; |b il. col. ; |c 15 x 21 cm | ||
| 500 | |a També en català: "Any Güell : el Palau Güell secret" (R. 25066) | ||
| 610 | 2 | 0 | |a Palau Güell (Barcelona) |9 17034 |
| 700 | |a Manent, Ramon, |d 1948- |e fotògraf |9 39599 | ||
| 710 | 2 | |a Palau Güell (Barcelona) |9 17034 | |
| 942 | |2 udc |c ARXIU |n 1 | ||
| 952 | |0 0 |1 0 |2 udc |4 0 |6 FU67108 |7 1 |9 60881 |a Arxiu |b Arxiu |d 2021-11-29 |l 0 |o FU-67-108 |p 25067 |r 2021-11-29 00:00:00 |w 2021-11-29 |y ARXIU | ||
| 999 | |c 81007 |d 81007 | ||